000 00680nam a22001937a 4500
999 _c172085
_d172085
005 20200127141555.0
010 _aUR-10687
020 _c250.00
_a-
035 _aU-9242
037 _bDBAD/PUB
_a-
082 _a840.08
100 _aعز يز اللہ شير ا نی
245 _aتز کر ہ معا صر شعر ا ۓ ٹو نک
_cعز يز اللہ شير ا نی
246 _bTazkara-e-Muaasir Shoura -e-Tonk (Urdu)
_aEditied by Dr.Azizullah Shirani
260 _aRajisthan
_bRajisthan Urdu Academy
_c2013 ء
270 _aJ-15,Jhalana InstitutionalArea,
_bJaipur
_e4
_k-
_l-
300 _a244 ص
_c22 Cm(Hb)
942 _2ddc
_cUR
_h840.08
_mع ز ی